<?xml version="1.0" encoding="UTF-8"?>
<collection xmlns="http://www.loc.gov/MARC21/slim">
 <record>
  <leader>00727pamaa2200181   4500</leader>
  <controlfield tag="001">0000020668</controlfield>
  <controlfield tag="005">19991227090000.0</controlfield>
  <datafield tag="020" ind1="0" ind2="0">
   <subfield code="a"> [ nil ] </subfield>
  </datafield>
  <datafield tag="090" ind1="0" ind2="0">
   <subfield code="a">s658.4038  </subfield>
   <subfield code="b">THR</subfield>
  </datafield>
  <datafield tag="245" ind1="0" ind2="0">
   <subfield code="a">THRIVING in the digital economy of a new century : </subfield>
   <subfield code="b">1999 national accountants conference and exhibition  </subfield>
   <subfield code="c">organised by Malaysian Institute of Accountants.</subfield>
  </datafield>
  <datafield tag="260" ind1="0" ind2="0">
   <subfield code="a">Petaling Jaya: </subfield>
   <subfield code="b">MIA, </subfield>
   <subfield code="c">Sept.1999.</subfield>
  </datafield>
  <datafield tag="300" ind1=" " ind2=" ">
   <subfield code="a">2cm thick (File).</subfield>
  </datafield>
  <datafield tag="500" ind1="0" ind2="0">
   <subfield code="a">Conference held on 7-8 September 1999 at Sunway Lagoon Resort, P.J.</subfield>
  </datafield>
  <datafield tag="650" ind1="0" ind2="0">
   <subfield code="a">Seminar paper </subfield>
  </datafield>
  <datafield tag="650" ind1="0" ind2="0">
   <subfield code="a">Electronic commerce </subfield>
  </datafield>
  <datafield tag="650" ind1="0" ind2="0">
   <subfield code="a">Information technology -- </subfield>
   <subfield code="x">Economic aspects </subfield>
  </datafield>
  <datafield tag="650" ind1="0" ind2="0">
   <subfield code="a">Telecommunication -- </subfield>
   <subfield code="x">Technological innovations </subfield>
  </datafield>
  <datafield tag="710" ind1="1" ind2="1">
   <subfield code="a">Malaysian Institute of Accountants </subfield>
  </datafield>
 </record>
</collection>
